| 000 | 00773nam a2200217Ia 4500 | ||
|---|---|---|---|
| 005 | 20251020182547.0 | ||
| 008 | 200515s9999 xx 000 0 und d | ||
| 082 | _a749/F38 | ||
| 100 | _aFERNANDEZ SALAZAR, Luis DE LANDA AMEZUA, Jaime | ||
| 245 | 0 | _aTécnicas y aplicaciones de la iluminación | |
| 260 | _aMadrid | ||
| 260 | _c1993 | ||
| 300 | _a233 | ||
| 520 | _aAnaliza en forma detallada y a la vez práctica, los aspectos más significativos que intervienen en la iluminación. A partir de los conceptos básicos de luminotecnia y fundamentalmente, de las características tecnológicas de los equipos (lámparas, luminari | ||
| 650 | _aALUMBRADO | ||
| 650 | _aILUMINACION | ||
| 650 | _aLAMPARAS | ||
| 650 | _aLIB | ||
| 650 | _aLUMINOTECNIA | ||
| 942 | _cLIB | ||
| 999 |
_c2599 _d2599 |
||